| 000 | 01155nam a2200265 i 4500 | ||
|---|---|---|---|
| 001 | 190330 | ||
| 003 | SpMaBN | ||
| 005 | 20240410101510.0 | ||
| 008 | 201110s1976 sp d |||| | spa d | ||
| 080 | _a325.2(460.357:460.235 B.)(043.2) | ||
| 080 | _a325.1(460.235 B.:460.357)(043.2) | ||
| 100 | 1 |
_aCastro Chico, Elvira. _9170718 |
|
| 245 | 1 | 0 |
_aAspectos sociológicos de la inmigración granadina en Barcelona / _cElvira Castro Chico. |
| 260 |
_aBarcelona : _b[Universidad, Facultad de Filosofía y Ciencias de la Educación], _c1976 ( _fVernet) |
||
| 300 |
_a17 p. : _bgráf. ; _c24 cm. |
||
| 502 | _aTesis-Univ. Barcelona (Extracto) | ||
| 594 | _aPrecede al tít.: Universidad de Barcelona. Secretariado de Publicaciones, Intercambio Científico y Extensión Universitaria. | ||
| 651 | 4 |
_aGranada- _xEmigración. _9170719 |
|
| 651 | 4 |
_aBarcelona- _xInmigración. _9170720 |
|
| 655 |
_aTesis y escritos académicos _9226867 |
||
| 710 | 2 |
_aUniversidad de Barcelona. _bFacultad de Filosofía y Ciencias de la Educación. _9174511 |
|
| 852 | 4 |
_aES-MaACL _jP-1415 (85) _9197538 _bR.68610 _cDEPO2 |
|
| 942 | _2udc | ||
| 999 |
_c190330 _d190330 |
||